| 000 | 01209nam a2200301 a 4500 | ||
|---|---|---|---|
| 001 | ebr10302962 | ||
| 003 | CaPaEBR | ||
| 006 | m u | ||
| 007 | cr cn||||||||| | ||
| 008 | 091205s2006 dcuad sb 000 0 eng d | ||
| 040 |
_aCaPaEBR _cCaPaEBR |
||
| 035 | _a(OCoLC)535146959 | ||
| 043 | _anccr--- | ||
| 050 | 1 | 4 |
_aHC143 _b.C37 2006eb |
| 100 | 1 | _aCarvajal, Ana. | |
| 245 | 1 | 0 |
_aRegulatory lessons from the crisis of Costa Rica's mutual fund industry _h[electronic resource] / _cAna Carvajal. |
| 260 |
_aWashington, D.C. : _bInternational Monetary Fund, _cc2006. |
||
| 300 |
_a26 p. : _bill. |
||
| 490 | 1 |
_aIMF working paper ; _vWP/06/288 |
|
| 504 | _aIncludes bibliographical references. | ||
| 533 |
_aElectronic reproduction. _bPalo Alto, Calif. : _cebrary, _d2011. _nAvailable via World Wide Web. _nAccess may be limited to ebrary affiliated libraries. |
||
| 650 | 0 |
_aEconomic forecasting _zCosta Rica. |
|
| 650 | 0 |
_aMutual funds _zCosta Rica. |
|
| 655 | 7 |
_aElectronic books. _2local |
|
| 710 | 2 | _aebrary, Inc. | |
| 830 | 0 |
_aIMF working paper ; _vWP/06/288. |
|
| 856 | 4 | 0 |
_uhttp://site.ebrary.com/lib/rucke/Doc?id=10302962 _zAn electronic book accessible through the World Wide Web; click to view |
| 999 |
_c68677 _d68677 |
||